000
00219nam a2200097Ia 4500
008
190216s9999||||xx |||||||||||||| ||und||
100
_a
Null
245
0
_a
Hindi-Gathkar Damvir Bharathi
260
_b
Rama Pub
942
_c
BK
999
_c
17409
_d
17409